000 00852nam a2200241 a 4500
999 _c5578
_d5578
001 5578
003 BD-JhCC
005 20180908134016.0
008 171218s2013 bg a|||| ||a| 000 0 ben d
020 _a984310983X
035 _a(BD-JhCC)5578
040 _aBD-JhCC
_dBD-JhCC
041 _aben
082 _a004
_bRAH 2013
100 _aরহমান, প্রকোশলী মুজিবর
245 _aতথ্য ও যোগাযোগ প্রযুক্তি একাদশ দ্বাদশ শ্রেণি /
_cপ্রকোশলী মুজিবর রহমান
260 _aঢাকা :
_bভয়েজার পাবলিকেশন্স,
_c২০১৩.
300 _a328 p. :
_bIll. ;
_c25 cm.
650 _aComputer Science
650 _aComputer Engneering
942 _2ddc
_cBK
_01